| 000 | 00549nam a2200181Ia 4500 | ||
|---|---|---|---|
| 003 | IN-BaIIA | ||
| 008 | 211028s9999 xx 000 0 eng d | ||
| 020 | _a1-85233-805-9 | ||
| 040 | _cIIA Library | ||
| 080 |
_a52 _bMON |
||
| 100 |
_aMonks, Neale _930414 |
||
| 245 | 0 |
_aAstronomy with a home computer _cNeale Monks |
|
| 260 |
_aLondon _bSpringer _c2005 |
||
| 300 | _avii, 202p. | ||
| 490 | _aPatrick Moore's practical astronomy series | ||
| 650 |
_aAstronomy-data processing _912215 |
||
| 942 | _cBK | ||
| 999 |
_c16406 _d16406 |
||